Häufig verwechselte Länder - Multiple Choice - Statistiken

Allgemein
  • Dieses Quiz wurde 20.955 mal gespielt
  • Das Durchschnittsergebnis liegt bei 9 aus 12
Antwortstatistiken
Frage Antwort % Korrekt
Welches ist Bolivien?
92%
Welches ist Kosovo?
91%
Welches ist Thailand?
89%
Welches ist Lettland?
87%
Welches ist Haiti?
85%
Welches ist Oman?
82%
Welches ist Eswatini?
81%
Welches ist Ruanda?
71%
Welches ist Suriname?
70%
Welches ist Nicaragua?
69%
Welches ist Togo?
68%
Welches ist Turkmenistan?
57%
Keine übereinstimmenden Quizze gefunden
Verteilung der Resultate
Anzahl Personen mit jedem Resultat
Perzentil nach korrekt beantworteten Fragen
Ihre Resultats-Entwicklung
Sie haben dieses Quiz noch nicht gespielt